000 00605naa a22001817a 4500
001 232740
003 ES-MaBCM
005 20260324131542.0
008 260324s2023 uk ||||| |||| 00| 0 eng d
040 _cES-MaBCM
245 0 0 _aFor the Fatherland :
_bhow Putin is reshaping Russia to keep his war machine running
650 7 _aOpinión pública
_959598
650 0 _aConflicto entre Rusia y Ucrania
_9126791
650 7 _aAnálisis sociológico
_957540
651 4 _aRusia
_9115522
773 0 _dLondon
_gVol. 449, n. 9374 (Dec. 2023), p. 18-20 - Loc. S.276
_tThe economist
_w104401
942 _2udc
_cAREV
999 _c232740
_d232740